[Event "Manitoba-ch U20"]
[Site "Winnipeg"]
[Date "2009.11.14"]
[Round "1"]
[White "Swift, Ryne"]
[Black "Araullo, Paolo"]
[Result "0-1"]
[WhiteElo "1817"]
[BlackElo "2180"]
[PlyCount "86"]
[EventDate "2009.11.14"]
[EventType "swiss"]
[EventRounds "4"]
[EventCountry "CAN"]
[SourceTitle "EXT 2011"]
[Source "ChessBase"]
[SourceDate "2010.11.26"]
[SourceVersion "1"]
[SourceVersionDate "2010.11.26"]
[SourceQuality "1"]

1. e4 e6 2. d4 d5 3. exd5 exd5 4. Nf3 Nf6 5. Nbd2 Bd6 6. c3 0-0 7. Be2 Bf5 8. 0-0 Nbd7 9. Re1 Re8 10. Nf1 Ne4 11. Ng3 Bg6 12. Nd2 Ndf6 13. Ndxe4 Nxe4 14. Nxe4 Bxe4 15. h3 Qf6 16. Be3 c6 17. f3 Bf5 18. Bf2 Bc7 19. Bf1 Qd6 20. g3 h5 21. h4 Qg6 22. Kh2 Qf6 23. Rxe8+ Rxe8 24. Kh1 Re6 25. Qd2 Qd8 26. Re1 Rg6 27. f4 Be4+ 28. Kh2 Qf6 29. Bh3 Bd6 30. b4 b5 31. Qe2 Bxf4 32. Rf1 Qxh4 33. Rg1 Bf5 34. Qf1 Qxh3+ 35. Qxh3 Bxh3 36. Kxh3 Bd2 37. Be1 Bxe1 38. Rxe1 Re6 39. Rb1 Re2 40. a3 Rc2 41. Rb3 g5 42. a4 f6 43. axb5 g4+ 0-1

[Event "Yanofsky Memorial op"]
[Site "Winnipeg"]
[Date "2008.08.31"]
[Round "5"]
[White "Kaptsan, Aron"]
[Black "Araullo, Paolo"]
[Result "1-0"]
[WhiteElo "2046"]
[BlackElo "1920"]
[PlyCount "139"]
[EventDate "2008.08.29"]
[EventType "swiss"]
[EventRounds "5"]
[EventCountry "CAN"]
[SourceTitle "EXT 2011"]
[Source "ChessBase"]
[SourceDate "2010.11.26"]
[SourceVersion "1"]
[SourceVersionDate "2010.11.26"]
[SourceQuality "1"]

1. e4 e6 2. d4 d5 3. Nd2 c5 4. exd5 exd5 5. Ngf3 Nf6 6. Bb5+ Bd7 7. Qe2+ Be7 8. dxc5 0-0 9. Nb3 Re8 10. Be3 a6 11. Bd3 Ba4 12. 0-0 Bxb3 13. axb3 Bxc5 14. Qd2 Bxe3 15. fxe3 Nc6 16. Nd4 Ng4 17. Nxc6 bxc6 18. Rf3 Qg5 19. Rg3 h5 20. Be2 Qh6 21. Bxg4 hxg4 22. Rxg4 Qxe3+ 23. Qf2 Re6 24. Rf4 Ra7 25. Rf3 Qxf2+ 26. Rxf2 c5 27. Rd2 d4 28. g3 Rae7 29. Kf2 Rf6+ 30. Kg2 Re5 31. Ra5 Rfe6 32. Kf2 g5 33. c3 dxc3 34. bxc3 g4 35. Rda2 Rh5 36. Kg2 Re3 37. Rc2 Re6 38. b4 Reh6 39. Kg1 cxb4 40. Rxh5 Rxh5 41. cxb4 Rb5 42. Rc4 f5 43. Kf2 Kf7 44. Ke3 a5 45. bxa5 Rxa5 46. Kf4 Ke6 47. Rc6+ Kf7 48. Kg5 Ke7 49. Rb6 Rd5 50. Ra6 Rb5 51. Kg6 Re5 52. Ra7+ Ke6 53. Rf7 Re2 54. Rf6+ Ke7 55. Rxf5 Rxh2 56. Kg5 Ke6 57. Rf1 Ke5 58. Re1+ Kd6 59. Kxg4 Rd2 60. Kg5 Rd5+ 61. Kh4 Rd2 62. g4 Rh2+ 63. Kg3 Rh7 64. g5 Re7 65. Rh1 Ke6 66. Kg4 Kf7 67. Rh7+ Kf8 68. Rxe7 Kxe7 69. Kh5 Kf8 70. Kh6 1-0